[Event "Gipuzkoa-ch A"]
[Site "Azpeitia"]
[Date "2019.10.19"]
[Round "1"]
[White "Ros Eskisabel, Jose Ramon"]
[Black "Lertxundi Azpiazu, Jon"]
[Result "1/2-1/2"]
[WhiteElo "2098"]
[BlackElo "1863"]
[PlyCount "61"]
[EventDate "2019.10.19"]
[EventType "swiss"]
[EventRounds "7"]
[EventCountry "ESP"]
[SourceTitle "EXT 2024"]
[Source "ChessBase"]
[SourceDate "2023.10.10"]
[SourceVersion "1"]
[SourceVersionDate "2023.10.10"]
[SourceQuality "1"]

1. e4 c6 2. d4 d5 3. Nd2 dxe4 4. Nxe4 Nd7 5. Ng5 Ngf6 6. Bd3 e6 7. N1f3 Bd6 8. Qe2 Qe7 9. 0-0 0-0 10. b3 h6 11. Ne4 Nxe4 12. Qxe4 Nf6 13. Qe2 Nd5 14. Ne5 Qh4 15. Nf3 Qe7 16. c4 Nf6 17. Bb2 b6 18. Rad1 Bb7 19. Bb1 c5 20. Ne5 Rad8 21. Ng4 Nxg4 22. Qxg4 Qg5 23. Qxg5 hxg5 24. Rfe1 Rfe8 25. Be4 Bxe4 26. Rxe4 f5 27. Ree1 Kf7 28. h3 cxd4 29. Rxd4 Bc5 30. Rdd1 Bb4 31. Rf1 1/2-1/2

[Event "San Sebastian op 42nd"]
[Site "San Sebastian"]
[Date "2019.04.13"]
[Round "1"]
[White "Lertxundi Azpiazu, Jon"]
[Black "Harutjunyan, Gevorg"]
[Result "0-1"]
[WhiteElo "1806"]
[BlackElo "2440"]
[PlyCount "96"]
[EventDate "2019.04.13"]
[EventType "swiss"]
[EventRounds "9"]
[EventCountry "ESP"]
[SourceTitle "CBM 189 Extra"]
[Source "ChessBase"]
[SourceDate "2019.06.03"]
[SourceVersion "1"]
[SourceVersionDate "2019.06.03"]
[SourceQuality "1"]

1. d4 Nf6 2. c4 g6 3. Nc3 Bg7 4. e4 d6 5. Nf3 0-0 6. Be2 Nbd7 7. 0-0 e5 8. Qc2 exd4 9. Nxd4 Re8 10. Be3 c6 11. Rfd1 a6 12. a4 Qe7 13. f3 d5 14. cxd5 Nxd5 15. Bf2 Nf4 16. Bf1 Ne5 17. Nce2 Nh5 18. a5 c5 19. Nb3 c4 20. Nbd4 Bd7 21. Nc3 Nf4 22. Be3 Ned3 23. Bxd3 Nxd3 24. Nd5 Qd6 25. Rd2 Rac8 26. b3 Qxd5 27. exd5 Rxe3 28. Ne2 Bxa1 29. bxc4 Nc5 30. Qc1 Nb3 31. Qa3 Rxc4 32. Kf2 Ra4 33. Qd6 Nxd2 34. Qxd7 Raa3 35. Qc8+ Kg7 36. d6 Bf6 37. d7 Red3 38. Nf4 Rd4 39. Qc7 Kh6 40. Qc8 Be7 41. Qe8 Bc5 42. Kg3 Ne4+ 43. Kh3 Ng5+ 44. Kg3 Bd6 45. d8Q Bxf4+ 46. Kg4 Bd6+ 47. Qe4 Nxe4 48. Kh3 Nf2# 0-1

[Event "Donostia Spring op 13th"]
[Site "Donostia"]
[Date "2017.06.10"]
[Round "7.10"]
[White "Lertxundi Azpiazu, Jon"]
[Black "Gomez Calvo, Jose Ricardo"]
[Result "0-1"]
[WhiteElo "1747"]
[BlackElo "1890"]
[PlyCount "42"]
[EventDate "2017.04.29"]
[EventType "swiss"]
[EventRounds "7"]
[EventCountry "ESP"]
[SourceTitle "EXT 2024"]
[Source "ChessBase"]
[SourceDate "2023.10.10"]
[SourceVersion "1"]
[SourceVersionDate "2023.10.10"]
[SourceQuality "1"]

1. d4 Nf6 2. c4 e6 3. Nc3 d5 4. cxd5 exd5 5. Bg5 Nbd7 6. e3 c6 7. Bd3 Be7 8. Nge2 Ne4 9. Bxe7 Qxe7 10. Nxe4 dxe4 11. Bc4 Qb4+ 12. Nc3 Qxc4 13. Nxe4 Qb4+ 14. Ke2 Qe7 15. Qc2 Nf6 16. Ng3 0-0 17. h4 Re8 18. h5 h6 19. Qd3 a5 20. Rac1 b6 21. Rxc6 Ba6 0-1

[Event "San Sebastian op 40th"]
[Site "San Sebastian"]
[Date "2017.04.08"]
[Round "1"]
[White "Gascon del Nogal, Jose Rafael"]
[Black "Lertxundi Azpiazu, Jon"]
[Result "1-0"]
[WhiteElo "2489"]
[BlackElo "1747"]
[PlyCount "43"]
[EventDate "2017.04.08"]
[EventType "swiss"]
[EventRounds "9"]
[EventCountry "ESP"]
[SourceTitle "CBM 177 Extra"]
[Source "ChessBase"]
[SourceDate "2017.04.27"]
[SourceVersion "1"]
[SourceVersionDate "2017.04.27"]
[SourceQuality "1"]

1. e4 c6 2. Ne2 d5 3. e5 Bf5 4. Ng3 Bg6 5. h4 h6 6. h5 Bh7 7. e6 fxe6 8. d4 Qc7 9. f4 c5 10. Nc3 a6 11. dxc5 Nd7 12. Bd3 Nxc5 13. Bxh7 Rxh7 14. Be3 0-0-0 15. 0-0 Kb8 16. Qd4 Nd7 17. Qa7+ Kc8 18. Na4 Qb8 19. Qd4 Ngf6 20. c4 e5 21. fxe5 Qxe5 22. Nb6+ 1-0

[Event "Euskadi-ch U18"]
[Site "Eibar"]
[Date "2013.04.05"]
[Round "6"]
[White "Lertxundi Azpiazu, Jon"]
[Black "Lomas Romero, Benat"]
[Result "0-1"]
[WhiteElo "1461"]
[BlackElo "1758"]
[PlyCount "44"]
[EventDate "2013.04.02"]
[EventType "swiss"]
[EventRounds "7"]
[EventCountry "ESP"]
[SourceTitle "EXT 2015"]
[Source "ChessBase"]
[SourceDate "2014.11.20"]
[SourceVersion "1"]
[SourceVersionDate "2014.11.20"]
[SourceQuality "1"]

1. e4 c5 2. Nf3 Nc6 3. Nc3 g6 4. d3 Bg7 5. g3 d6 6. Bg2 e6 7. Be3 Nd4 8. Rb1 Ne7 9. 0-0 0-0 10. Qd2 Rb8 11. Bh6 b5 12. Bxg7 Kxg7 13. Nxd4 cxd4 14. Ne2 e5 15. f4 f5 16. fxe5 dxe5 17. Rf2 Qd6 18. Rbf1 Bd7 19. exf5 Nxf5 20. Re1 Ne3 21. Rxf8 Qxf8 22. Kh1 Qf2 0-1

[Event "Euskadi-ch U18"]
[Site "Eibar"]
[Date "2013.04.03"]
[Round "2"]
[White "Lertxundi Azpiazu, Jon"]
[Black "Vicente Ezeiza, Mikel"]
[Result "1/2-1/2"]
[WhiteElo "1461"]
[BlackElo "1701"]
[PlyCount "65"]
[EventDate "2013.04.02"]
[EventType "swiss"]
[EventRounds "7"]
[EventCountry "ESP"]
[SourceTitle "EXT 2015"]
[Source "ChessBase"]
[SourceDate "2014.11.20"]
[SourceVersion "1"]
[SourceVersionDate "2014.11.20"]
[SourceQuality "1"]

1. e4 c6 2. d4 d5 3. exd5 cxd5 4. Nc3 Bf5 5. Nf3 Nc6 6. a3 Nf6 7. Bf4 a6 8. Bd3 Bg6 9. 0-0 e6 10. Bxg6 hxg6 11. Ne2 Bd6 12. g3 Ne4 13. Ne5 Bxe5 14. Bxe5 g5 15. f3 Nd6 16. Bxd6 Qxd6 17. c3 Kd7 18. Qd2 Rh5 19. f4 g4 20. Nc1 f6 21. Qc2 Rah8 22. Rf2 Ne7 23. Qd1 f5 24. Qa4+ b5 25. Qb4 Nc8 26. Nd3 Kc7 27. Qc5+ Kb7 28. b3 g5 29. Qxd6 Nxd6 30. Nc5+ Kb6 31. Nxe6 Ne4 32. Rg2 Nxc3 33. Nxg5 1/2-1/2

[Event "San Sebastian op 36th"]
[Site "San Sebastian"]
[Date "2013.03.24"]
[Round "2"]
[White "Osmolny, Vladimir I"]
[Black "Lertxundi Azpiazu, Jon"]
[Result "1-0"]
[WhiteElo "2180"]
[BlackElo "1461"]
[PlyCount "91"]
[EventDate "2013.03.23"]
[EventType "swiss"]
[EventRounds "9"]
[EventCountry "ESP"]
[SourceTitle "CBM 153 Extra"]
[Source "ChessBase"]
[SourceDate "2013.04.22"]
[SourceVersion "1"]
[SourceVersionDate "2013.04.22"]
[SourceQuality "1"]

1. d4 d5 2. Bg5 f6 3. Bh4 Bf5 4. Nd2 Nc6 5. c3 e6 6. f3 g5 7. Bf2 Bg6 8. e4 Qd7 9. h4 0-0-0 10. Bb5 h6 11. Ne2 Bg7 12. hxg5 hxg5 13. Rxh8 Bxh8 14. Qa4 a6 15. Bxc6 Qxc6 16. Qxc6 bxc6 17. Ng3 f5 18. e5 f4 19. Ne2 Bd3 20. Nc1 Bc2 21. Ncb3 Bxb3 22. Nxb3 Re8 23. Nc5 a5 24. a4 Bg7 25. Nb3 Kb7 26. Nxa5+ Kb6 27. b4 Bf8 28. Kd2 Re7 29. Rh1 Nh6 30. c4 dxc4 31. d5+ Ka6 32. dxc6 Re8 33. Kc3 Nf5 34. Nxc4 Ne3 35. b5+ Ka7 36. Nxe3 fxe3 37. Bxe3+ Kb8 38. Bxg5 Bc5 39. Kc4 Bf2 40. Bf6 Ka7 41. Rh8 Rxh8 42. Bxh8 Kb6 43. Bf6 Bg3 44. Kd4 Ka5 45. Ke4 Kxa4 46. b6 1-0